000 00496nam a2200181Ia 4500
003 GCL
008 140319s9999 xx 000 0 ara d
040 _aGCL /
_cGCL
082 0 4 _a321.8
_bم د
100 1 _aمحمد مندور
245 1 0 _aالديمقراطية السياسية /
_cمحمد مندور
300 _a72 ص
490 _aكتاب المواطن
_v0
650 0 4 _aمصر
650 0 4 _aالديمقراطية
650 0 4 _aالقانون الدستورى
942 _2ddc
_cBK
999 _c40698
_d40698